[Event "Memorial Tal"]
[Site "Mosca"]
[Date "05.10.2016"]
[Round "8"]
[White "Aronian,L"]
[Black "Li,Chao b"]
[Result "1/2-1/2"]
[WhiteElo "2795"]
[BlackElo "2746"]
[EventDate "2016.09.25"]

1. Nf3 d5 2. d4 Bf5 3. c4 e6 4. Nc3 Nc6 5. Bf4 Bd6 6. cxd5 exd5 7. Nxd5 Be4
8. Nc3 Bxf3 9. Bxd6 Qxd6 10. gxf3 Qxd4 11. e3 Qf6 12. Nd5 Qd6 13. Qb3 Nge7
14. Nxe7 Nxe7 15. Rd1 Qf6 16. Qa4+ Nc6 17. Qe4+ Kf8 18. Bb5 Re8 19. Qc2
Qxf3 20. Qc5+ Kg8 21. Rg1 Qf6 22. Bxc6 bxc6 23. Rd2 g6 24. Rg4 Kg7 25. Rc4
Rd8 26. Rf4 Qe6 27. Rfd4 Rb8 28. Rd7 Qf6 29. b3 Rb7 30. Qe7 a5 31. R2d4 Rf8
32. Ke2 Qxe7 33. Rxe7 Kf6 34. Ree4 Ra8 35. Rf4+ Ke7 36. Rfe4+ Kf6 37. Rf4+
Ke7 38. Rde4+ Kf8 39. Re6 g5 40. Rf3 g4 41. Rf4 Rb4 42. Ref6 Rxf4 43. Rxf4
h5 44. Rf5 a4 45. Rxh5 Ke7 46. b4 a3 47. Kd3 Rd8+ 48. Kc2 Ke6 49. Rc5 Rh8
50. Rxc6+ Ke5 51. Rxc7 Rxh2 52. Rxf7 g3 53. Kb3 Rxf2 54. Rg7 g2 55. Kxa3
Ke4 56. Rg3 Re2 57. Ka4 Rxa2+ 58. Kb5 Kd3 59. Kc6 Rc2+ 60. Kb6 Rf2 1/2-1/2

[Event "Memorial Tal"]
[Site "Mosca"]
[Date "05.10.2016"]
[Round "8"]
[White "Nepomniachtchi,I"]
[Black "Anand,V"]
[Result "1/2-1/2"]
[WhiteElo "2740"]
[BlackElo "2776"]
[EventDate "2016.09.25"]

1. c4 e5 2. Nc3 Bb4 3. Nd5 Bc5 4. Nf3 c6 5. Nc3 d6 6. e3 Bb4 7. d4 e4 8.
Nd2 Bxc3 9. bxc3 Nf6 10. f3 exf3 11. Qxf3 O-O 12. h3 Qa5 13. Bb2 Qf5 14.
Ba3 Re8 15. Qxf5 Bxf5 16. Kf2 Rd8 17. Kf3 c5 18. g4 Bg6 19. Bg2 h6 20. Kf4
Nc6 21. Bxc6 bxc6 22. e4 Nd7 23. Nb3 Re8 24. Rhe1 Re6 25. Re3 Rae8 26. Rae1
Rf6+ 27. Kg3 Rfe6 28. Kf4 Rf6+ 29. Kg3 Rfe6 1/2-1/2

[Event "Memorial Tal"]
[Site "Mosca"]
[Date "05.10.2016"]
[Round "8"]
[White "Kramnik,V"]
[Black "Tomashevsky,E"]
[Result "1/2-1/2"]
[WhiteElo "2808"]
[BlackElo "2731"]
[EventDate "2016.09.25"]

1. Nf3 Nf6 2. g3 d5 3. Bg2 c6 4. O-O Bg4 5. d3 Nbd7 6. h3 Bxf3 7. Bxf3 e5
8. e4 dxe4 9. dxe4 Bc5 10. Nd2 Qe7 11. a4 a5 12. Qe2 O-O 13. Nc4 Qe6 14.
Kg2 Nb6 15. Ne3 Rfd8 16. b3 Nc8 17. Bb2 Bd4 18. Rad1 Nd6 19. Bxd4 exd4 20.
Rxd4 Ndxe4 21. Rxd8+ Rxd8 22. Nc4 b5 23. axb5 cxb5 24. Nxa5 Rd2 25. Qxb5 h6
26. Nc4 Rxc2 27. Qb8+ Kh7 28. Qe5 Qxe5 29. Nxe5 Rb2 30. Bd1 Nd5 31. Nc4 Ra2
32. Bf3 Ndc3 33. h4 g5 34. h5 Kg7 35. b4 Ra4 36. Bxe4 Nxe4 37. Rb1 Nc3 38.
Rc1 Ne2 39. Rc2 Nd4 40. Rd2 Nc6 41. Ne3 Rxb4 42. Nf5+ Kh7 43. Rd6 Ne5 44.
Rxh6+ Kg8 45. Ra6 Ng4 46. Ra8+ Kh7 47. Ra7 Nh6 48. Nd6 Kg7 49. Kf3 g4+ 50.
Kg2 Rb6 51. Ne8+ Kh7 52. Ra5 Re6 53. Nc7 Rf6 54. Kf1 Rf5 55. Rd5 Rf6 56.
Rd7 Rf5 57. Nd5 Kg7 58. Nf4 Re5 59. Rd5 Re4 60. Ng2 Kf6 61. Ne3 Ra4 62. Ke2
Ra3 63. Rc5 Rb3 64. Nd5+ Kg7 65. Nc3 Rb6 66. Rg5+ Kf8 67. Re5 Kg7 68. Ke3
Rb3 69. Rc5 Rb2 70. Rg5+ Kf8 71. Rb5 Rc2 72. Ne4 Kg7 73. Rg5+ Kf8 74. Nf6
Rc3+ 75. Ke4 Rc4+ 76. Kd3 Ra4 77. Nh7+ Ke7 78. Re5+ Kd6 79. Rb5 Kc6 80. Rb8
Ra2 81. Ke3 Ra5 82. Nf6 Rf5 83. Ne4 Rxh5 84. Rd8 Kc7 85. Re8 Rf5 86. Rh8
Rf3+ 87. Kd4 Nf5+ 88. Ke5 Ne7 89. Rh7 Ng6+ 90. Kd4 Kd8 91. Ng5 Rxf2 92.
Nxf7+ Ke8 93. Ng5 Rf5 94. Ne6 Rf7 95. Rh6 Ne7 96. Rh8+ Kd7 97. Nc5+ Kc7 98.
Ra8 Nc6+ 99. Kc4 Rf1 100. Ne4 Rd1 101. Re8 Re1 102. Kd5 Rd1+ 103. Ke6 Rd8
104. Rxd8 Kxd8 105. Nc3 Nd4+ 106. Ke5 Nf3+ 107. Kf4 Nh2 108. Nd5 1/2-1/2

[Event "Memorial Tal"]
[Site "Mosca"]
[Date "05.10.2016"]
[Round "8"]
[White "Svidler,P"]
[Black "Gelfand,B"]
[Result "1/2-1/2"]
[WhiteElo "2745"]
[BlackElo "2743"]
[EventDate "2016.09.25"]

1. e4 c5 2. Nf3 Nc6 3. Bb5 g6 4. Bxc6 bxc6 5. O-O Bg7 6. Re1 Nh6 7. c3 O-O
8. h3 d5 9. d3 c4 10. dxc4 dxe4 11. Qxd8 Rxd8 12. Rxe4 Nf5 13. Re1 c5 14.
Nbd2 Bb7 15. Ne4 Rac8 16. Ng3 Nd6 17. Rxe7 Bxf3 18. gxf3 Nxc4 19. Bg5 Nxb2
20. Rxa7 Ra8 21. Rb7 Rd1+ 22. Rxd1 Nxd1 23. Ne4 Nxc3 24. Nxc5 h6 25. Be3
Rxa2 26. Rb8+ Kh7 27. Rb7 Kg8 28. Rb8+ Kh7 29. Rb7 Kg8 1/2-1/2

[Event "Memorial Tal"]
[Site "Mosca"]
[Date "06.10.2016"]
[Round "9"]
[White "Gelfand,B"]
[Black "Nepomniachtchi,I"]
[Result "1/2-1/2"]
[WhiteElo "2743"]
[BlackElo "2740"]
[EventDate "2016.09.25"]

1. Nf3 Nf6 2. c4 c5 3. d4 cxd4 4. Nxd4 e6 5. Nc3 d5 6. e3 Be7 7. cxd5 Nxd5
8. Bb5+ Bd7 9. Nxd5 exd5 10. O-O Nc6 11. Ne2 a6 12. Ba4 Bg4 13. Bb3 Na5 14.
Ba4+ b5 15. Bc2 O-O 16. Qd3 g6 17. Nd4 Bf6 18. Bd1 Qd7 19. Bd2 Nc4 20. Bxg4
Qxg4 21. Bc3 Bg7 22. b3 Ne5 23. Qd2 Rac8 24. Rac1 Rc7 25. f4 Nd7 26. h3 Qh5
27. Nf3 Bxc3 28. Rxc3 Rxc3 29. Qxc3 Qf5 30. Qc6 Nb8 31. Qd6 Rc8 32. Rd1 Qe4
33. Rxd5 Qxe3+ 34. Kh2 Nc6 35. Rc5 Qe8 36. f5 Na7 37. Ne5 Rxc5 38. Qxc5
gxf5 39. Nf3 Nc6 40. Qxf5 Qb8+ 41. Kh1 Qd6 42. Qg4+ Kf8 43. Ng5 h6 44. Ne4
Qd5 45. Qf4 Kg7 46. Nd6 Qe6 47. Nf5+ Kh7 48. Qf2 Ne7 1/2-1/2

[Event "Memorial Tal"]
[Site "Mosca"]
[Date "06.10.2016"]
[Round "9"]
[White "Anand,V"]
[Black "Aronian,L"]
[Result "1/2-1/2"]
[WhiteElo "2776"]
[BlackElo "2795"]
[EventDate "2016.09.25"]

1. e4 e5 2. Nf3 Nc6 3. Bc4 Bc5 4. c3 Nf6 5. d3 O-O 6. Nbd2 a5 7. O-O d6 8.
Bb3 Be6 9. Ba4 Qb8 10. Bxc6 bxc6 11. d4 Ba7 12. b3 Nd7 13. Bb2 a4 14. c4
Bg4 15. dxe5 dxe5 16. h3 Bxf3 17. Nxf3 Rd8 18. Qc2 f6 19. Bc3 Nf8 20. c5
Bxc5 21. Bxe5 Ne6 22. Bg3 Qb5 23. Rac1 axb3 24. axb3 Rd3 25. b4 Bxb4 26.
Qxc6 Qxc6 27. Rxc6 Bd6 28. Bxd6 Rxd6 29. Rxd6 cxd6 30. Rd1 Ra4 31. Rxd6
Rxe4 32. g3 Ng5 33. Nxg5 fxg5 34. Rd7 Re8 35. Kg2 Rf8 36. g4 h6 37. Kg3 Kh8
38. Ra7 Kg8 39. Rb7 Kh8 40. Rc7 Kg8 1/2-1/2

[Event "Memorial Tal"]
[Site "Mosca"]
[Date "06.10.2016"]
[Round "9"]
[White "Li,Chao b"]
[Black "Giri,A"]
[Result "1/2-1/2"]
[WhiteElo "2746"]
[BlackElo "2755"]
[EventDate "2016.09.25"]

1. d4 Nf6 2. c4 e6 3. Nc3 Bb4 4. Nf3 O-O 5. Bg5 c5 6. Rc1 h6 7. Bh4 cxd4 8.
Nxd4 d5 9. e3 e5 10. Nb3 g5 11. Bg3 Nc6 12. a3 Bxc3+ 13. bxc3 dxc4 14. Qxd8
Rxd8 15. Bxc4 Ne4 16. f3 Nxg3 17. hxg3 Kg7 18. Ke2 b6 19. e4 Ne7 20. Rhd1
Bd7 21. Rd2 Ba4 22. Rxd8 Rxd8 23. Nd2 h5 24. Ke3 h4 25. gxh4 gxh4 26. Bf1
Ng6 27. c4 Rc8 28. Nb1 Bd7 29. Nc3 Be6 30. Nb5 a6 31. Nd6 Rc6 32. Rd1 Kf6
33. Ne8+ Ke7 34. Ng7 Bxc4 35. Nf5+ Kf6 36. Bxc4 Rxc4 37. Rd6+ Kg5 38. Rxb6
Nf4 39. Nh6 Nxg2+ 40. Kf2 Rc2+ 41. Kg1 Ne3 42. Nxf7+ Kf4 43. Rxa6 Nc4 44.
a4 Ra2 45. a5 Kxf3 46. Rc6 Nxa5 1/2-1/2

[Event "Memorial Tal"]
[Site "Mosca"]
[Date "06.10.2016"]
[Round "9"]
[White "Tomashevsky,E"]
[Black "Svidler,P"]
[Result "1/2-1/2"]
[WhiteElo "2731"]
[BlackElo "2745"]
[EventDate "2016.09.25"]

1. d4 Nf6 2. Nf3 g6 3. Bf4 Bg7 4. e3 O-O 5. c3 d6 6. h3 b6 7. Be2 c5 8. O-O
Bb7 9. Bh2 Nbd7 10. a4 a6 11. Nbd2 Ne4 12. Qb3 Nxd2 13. Nxd2 Qc7 14. Rfd1
Rab8 15. Qa3 Rfc8 16. Bf1 Nf6 17. c4 a5 18. d5 Re8 19. Nb1 e5 20. dxe6 Rxe6
21. Nc3 Rd8 22. Qb3 Ne4 23. Nd5 Bxd5 24. Rxd5 Be5 25. Bxe5 Rxe5 26. Rad1
Rxd5 27. Rxd5 Re8 28. Be2 Qd8 29. Qc2 Re6 30. Rd1 h5 31. Bf3 Nf6 32. g3 Qc7
33. Kg2 Qd8 34. Rd2 Qe7 35. Qd1 Kg7 36. b3 Kg8 37. Bc6 Kg7 38. Qf3 Qc7 39.
Ba8 Kf8 40. Qf4 Kg7 41. Qf3 Re8 42. Rd1 Qb8 43. Bc6 Re6 44. Qe2 Qc7 45. Bf3
Qe7 46. Kg1 Kg8 47. Bg2 Kg7 48. Rd3 Ne4 49. Bxe4 Rxe4 50. Qf3 Re6 51. Kg2
Rf6 52. Qd5 Re6 53. Qf3 Rf6 54. Qd5 Re6 1/2-1/2